عيسى و مريم في القرآن و التفاسير / (رقم التسجيلة. 29724)
[ عرض عادي ]
| 000 -الفاتح | |
|---|---|
| عناصر البيانات ثابتة الطول | 00994cam a2200229 i 4500 |
| 005 - تاريخ ووقت آخر معاملة | |
| حقل ضبط | 20251108165520.0 |
| 008 - عناصر البيانات ثابتة الطول | |
| عناصر البيانات ثابتة الطول | 250721s1996 jo gr 000 0 ara d |
| 082 14 - رقم تصنيف ديوي العشري | |
| رقم التصنيف | 212 |
| رقم المادة | ع ي س |
| 245 00 - بيان العنوان | |
| العنوان | عيسى و مريم في القرآن و التفاسير / |
| بيان المسؤولية | تحرير رياض أبو وندي، علاء رشق، حسن البطوش، عواد علي؛ باشراف يوسف قزما خوري. |
| 264 1# - بيانات النشر، التوزيع…إلخ | |
| مكان النشر، التوزيع...إلخ | عمان : |
| اسم الناشر، الموزع...إلخ | المعهد الملكي للدراسات الدينية، دار الشروق للنشر و التوزيع، |
| تاريخ النشر، التوزيع...إلخ | 1996. |
| 300 ## - الوصف المادي | |
| عدد الوحدات المكونة للوعاء | 584صفحة. |
| 650 17 - مدخل إضافي بالموضوع - مصطلح موضوعي | |
| مصطلح موضوعي أو اسم جغرافي كعنصر مدخل | القرآن الكريم. |
| 650 17 - مدخل إضافي بالموضوع - مصطلح موضوعي | |
| مصطلح موضوعي أو اسم جغرافي كعنصر مدخل | تفسير القرآن. |
| 650 17 - مدخل إضافي بالموضوع - مصطلح موضوعي | |
| مصطلح موضوعي أو اسم جغرافي كعنصر مدخل | قصص القرآن. |
| 700 1# - مدخل إضافي - اسم شخصي | |
| الاسم الشخصي | أبو واندي، رياض |
| علاقة الشخص بالعمل/ دوره | محرر. |
| 700 1# - مدخل إضافي - اسم شخصي | |
| الاسم الشخصي | رشق، علاء |
| علاقة الشخص بالعمل/ دوره | محرر. |
| 700 1# - مدخل إضافي - اسم شخصي | |
| الاسم الشخصي | البطوش، حسن |
| علاقة الشخص بالعمل/ دوره | محرر. |
| 700 1# - مدخل إضافي - اسم شخصي | |
| الاسم الشخصي | علي، عواد |
| علاقة الشخص بالعمل/ دوره | محرر. |
| 700 1# - مدخل إضافي - اسم شخصي | |
| الاسم الشخصي | خوري،يوسف قزما |
| علاقة الشخص بالعمل/ دوره | مشرف. |
| 942 ## - بيانات إضافية (كوها) | |
| نوع التنصيف | Dewey Decimal Classification |
| نوع المادة (كوها) | مراجع |
| حالة السحب | حالة الفقدان | مصدر التصنيف | حالة التلف | غير قابل للإعارة | المكتبة الرئيسية | المكتبة الحالية | موقع الرف | تاريخ التزويد | الرقم المتسلسل | Total Checkouts | رقم الإستدعاء | الباركود | تاريخ آخر ظهور | تاريخ الفاتورة | نوع المادة (كوها) |
|---|---|---|---|---|---|---|---|---|---|---|---|---|---|---|---|
| Dewey Decimal Classification | Not For Loan | المكتبة المركزية | المكتبة المركزية | مراجع | 06/07/2004 | 222160 | م / 212 / ع ي س | 222160 | 28/07/2025 | 06/07/2004 | مراجع | ||||
| Dewey Decimal Classification | Not For Loan | المكتبة المركزية | المكتبة المركزية | مراجع | 06/07/2004 | 222159 | م / 212 / ع ي س | 222159 | 28/07/2025 | 06/07/2004 | مراجع | ||||
| Dewey Decimal Classification | Not For Loan | مكتبة الأميرة ايمان العامة | مكتبة الأميرة ايمان العامة | مراجع | 30/09/2013 | [6977] | م/212/عيس | PLD00280719 | 28/07/2025 | 30/09/2013 | مراجع | ||||
| Dewey Decimal Classification | Not For Loan | مكتبة الاميرة بديعة | مكتبة الاميرة بديعة | مراجع | 21/06/2015 | [5130]. | م/212/عيس | PLD00333021 | 28/07/2025 | 21/06/2015 | مراجع | ||||
| Dewey Decimal Classification | Not For Loan | مكتبة البراعم الواعدة | مكتبة البراعم الواعدة | مراجع | 09/12/2015 | 1473971 | م/212/عيس | PLD00367873 | 28/07/2025 | 09/12/2015 | مراجع | ||||
| Dewey Decimal Classification | Not For Loan | مكتبة الجويدة | مكتبة الجويدة | مراجع | 14/06/2015 | (5155) | م/212/عيس | PLD00331023 | 28/07/2025 | 14/06/2015 | مراجع | ||||
| Dewey Decimal Classification | Not For Loan | مكتبة صويلح العامة | مكتبة صويلح العامة | مراجع | 06/07/2004 | 10621 | م/212/عيس | 10621 | 28/07/2025 | 06/07/2004 | مراجع | ||||
| Dewey Decimal Classification | Not For Loan | مكتبة وادي السير العامة | مكتبة وادي السير العامة | مراجع | 24/04/2016 | [5951].. | م/212/عيس | PLD00387964 | 28/07/2025 | 24/04/2016 | مراجع |